Statistics for Click X Times 500

Click here to take the quiz!

General Stats

  • This quiz has been taken 46 times
  • The average score is 275 of 500

Answer Stats

HintAnswer% Correct
xx
100%
xx
100%
xx
100%
xx
100%
xx
100%
xx
100%
xx
100%
xx
100%
xx
100%
xx
100%
xx
100%
xx
100%
xx
100%
xx
100%
xx
100%
xx
100%
xx
100%
xx
100%
xx
100%
xx
100%
xx
100%
xx
100%
xx
100%
xx
100%
xx
100%
xx
100%
xx
100%
xx
100%
xx
100%
xx
100%
xx
100%
xx
100%
xx
100%
xx
100%
xx
100%
xx
100%
xx
100%
xx
100%
xx
100%
xx
100%
xx
100%
xx
100%
xx
100%
xx
100%
xx
100%
xx
100%
xx
100%
xx
100%
xx
100%
xx
100%
xx
100%
xx
100%
xx
100%
xx
100%
xx
100%
xx
100%
xx
100%
xx
100%
xx
100%
xx
100%
xx
100%
xx
100%
xx
100%
xx
100%
cx
100%
xx
100%
xx
100%
xx
100%
xx
100%
xx
100%
xx
92%
xx
92%
xx
92%
xx
92%
xx
92%
xx
92%
xx
92%
xx
92%
xx
83%
xx
83%
xx
83%
xx
83%
xx
83%
xx
83%
xx
83%
xx
75%
xx
75%
xx
75%
xx
75%
xx
75%
xx
75%
xx
75%
xx
75%
xx
75%
xx
75%
xx
75%
xx
75%
xx
75%
xx
75%
xx
75%
xx
75%
xx
75%
xx
75%
xx
75%
xx
67%
xx
67%
xx
58%
xx
58%
xx
58%
xx
58%
xx
58%
xx
58%
xx
58%
xx
58%
xx
58%
xx
58%
xx
58%
xx
58%
xx
58%
xx
58%
xx
58%
xx
58%
xx
58%
xx
58%
xx
58%
xx
58%
xx
58%
xx
58%
xx
58%
xx
58%
xx
58%
xx
58%
xx
58%
xx
58%
xx
58%
xx
58%
xx
58%
xx
58%
xx
58%
xx
58%
xx
58%
xx
58%
xx
58%
xx
58%
xx
58%
xx
58%
xx
58%
xx
58%
xx
58%
xx
58%
xx
58%
xx
58%
xx
58%
xx
58%
xx
58%
xx
58%
xx
58%
xx
58%
xx
58%
xx
58%
xx
58%
xx
58%
xx
58%
xx
58%
xx
58%
xx
58%
xx
58%
xx
58%
xx
58%
xx
58%
xx
58%
xx
58%
xx
58%
xx
58%
xx
58%
xx
58%
xx
58%
xx
58%
xx
58%
xx
58%
xx
58%
xx
58%
xx
58%
xx
58%
xx
58%
xx
58%
xx
58%
xx
58%
xx
58%
xx
58%
xx
58%
xx
58%
xx
58%
xx
58%
xx
58%
xx
58%
xx
58%
xx
58%
xx
58%
xx
58%
xx
58%
xx
58%
xx
58%
xx
58%
xx
58%
xx
58%
xx
58%
xx
58%
xx
58%
xx
58%
xx
58%
xx
58%
xx
58%
xx
58%
xx
58%
xx
58%
xx
58%
xx
58%
xx
58%
xx
58%
xx
58%
xx
58%
xx
58%
xx
58%
xx
58%
xx
58%
xx
58%
xx
58%
xx
58%
xx
58%
xx
58%
xx
58%
xx
58%
xx
58%
xx
58%
xx
58%
xx
58%
xx
58%
xx
58%
xx
58%
xx
58%
xx
58%
xx
58%
xx
58%
xx
58%
xx
58%
xx
58%
xx
58%
xx
58%
xx
58%
xx
58%
xx
58%
xx
58%
xx
58%
xx
58%
xx
58%
xx
58%
xx
58%
xx
58%
xx
58%
xx
58%
xx
58%
xx
58%
xx
58%
xx
58%
xx
58%
xx
58%
xx
58%
xx
58%
xx
58%
xx
58%
xx
58%
xx
58%
xx
58%
xx
58%
xx
58%
xx
58%
xx
58%
xx
58%
xx
58%
xx
58%
xx
58%
xx
50%
xx
50%
xx
50%
xx
50%
xx
50%
xx
50%
xx
50%
xx
50%
xx
50%
xx
50%
xx
50%
xx
50%
xx
42%
xx
42%
xx
42%
xx
42%
xx
42%
xx
42%
xx
42%
xx
42%
xx
42%
xx
42%
xx
42%
xx
42%
xx
42%
xx
42%
xx
42%
xx
42%
xx
42%
xx
42%
xx
42%
xx
42%
xx
42%
xx
42%
xx
42%
xx
42%
xx
42%
xx
42%
xx
42%
xx
42%
xx
42%
xx
42%
xx
42%
xx
42%
xx
42%
xx
42%
xx
42%
xx
42%
xx
42%
xx
42%
xx
42%
xx
42%
xx
42%
xx
42%
xx
42%
xx
42%
xx
42%
xx
42%
xx
42%
xx
42%
xx
42%
xx
42%
xx
42%
xx
42%
xx
42%
xx
42%
xx
42%
xx
42%
xx
42%
xx
42%
xx
42%
xx
42%
xx
42%
xx
42%
xx
42%
xx
42%
xx
42%
xx
42%
xx
42%
xx
42%
xx
42%
xx
42%
xx
42%
xx
42%
xx
42%
xx
42%
xx
42%
xx
42%
xx
42%
xx
42%
xx
42%
xx
42%
xx
42%
xx
42%
xx
42%
xx
42%
xx
42%
xx
42%
xx
42%
xx
42%
xx
42%
xx
42%
xx
33%
xx
33%
xx
33%
xx
33%
xx
33%
xx
33%
xx
33%
xx
33%
xx
33%
xx
33%
xx
33%
xx
33%
xx
33%
xx
33%
xx
33%
xx
33%
xx
33%
xx
33%
xx
33%
xx
33%
xx
33%
xx
33%
xx
33%
xx
33%
xx
33%
xx
33%
xx
33%
xx
33%
xx
33%
xx
33%
xx
33%
xx
33%
xx
33%
xx
33%
xx
33%
xx
33%
xx
33%
xx
33%
xx
33%
xx
33%
xx
33%
xx
33%
xx
33%
xx
33%
xx
33%
xx
33%
xx
33%
xx
33%
xx
25%
xx
25%
xx
25%
xx
25%
xx
25%
xx
25%
xx
25%
xx
25%
xx
25%
xx
25%
xx
25%
xx
25%
xx
25%
xx
25%
xx
25%
xx
25%
xx
25%
xx
25%
xx
25%
xx
25%
xx
25%
xx
25%
xx
25%
xx
25%
xx
25%
xx
25%
xx
25%
xx
25%
xx
25%
xx
25%
xx
25%
xx
25%
xx
25%
xx
25%
xx
25%
xx
25%
xx
25%
xx
25%
xx
25%
xx
25%
xx
25%
xx
25%
xx
25%
xx
25%
xx
25%
xx
25%
xx
25%
xx
17%
xx
17%
xx
17%
xx
17%
xx
17%
xx
8%
xx
8%
xx
8%
xx
8%
xx
8%
xx
8%
xx
8%
xx
8%
xx
8%
xx
8%
xx
8%
xx
8%
xx
8%
xx
8%
xx
8%
xx
8%

Score Distribution

Percentile by Number Answered

Percent of People with Each Score

Your Score History

You have not taken this quiz